| 000 | 01382nab a2200325 a 4500 | ||
|---|---|---|---|
| 005 | 20210219162839.0 | ||
| 008 | 991125s1985 mx 000 0 spa u | ||
| 035 | _aUPN01000211628 | ||
| 049 | _aART | ||
| 100 | 1 | _aSánchez Maldonado, Miguel | |
| 100 | 1 | _umiguelsanchez@uadec.edu.mx | |
| 100 | 1 | _aTerrón Blanco, José Luis | |
| 100 | 1 | _uJoseLuis.Terron@uab.cat | |
| 100 | 1 | _aLozano Rendón, José Carlos | |
| 100 | 1 | _ujclozano16@gmail.com | |
| 222 | 0 | _aCOMUNICACION Y SOCIEDAD | |
| 245 | 0 | 0 | _aEstigmatización y usos léxicos en el tratamiento informativo del VIH/SIDA en cinco diarios mexicanos de 2012 a 2013 |
| 260 | _aZapopan, México | ||
| 300 | _a71-100 | ||
| 362 | 0 | _a2016 Nueva época, número 25, enero-junio | |
| 520 | 3 | _aEl presente trabajo averigua si la información sobre el VIH/SIDA publicada en cinco periódicos mexicanos conllevaba algún tipo de estigmatización. El análisis de contenido arrojó que se utilizó un lenguaje neutro; no se relacionó a la enfermedad con la muerte y no se utilizaron datos alarmistas | |
| 653 | 0 | _aVIH/SIDA | |
| 653 | 0 | _aLENGUAJE | |
| 653 | 0 | _aPERIODICOS | |
| 653 | 0 | _aESTIGMATIZACION | |
| 653 | 0 | _aANALISIS DE CONTENIDO | |
| 856 | 4 | _uhttp://www.redalyc.org/articulo.oa?id=34642628004 | |
| 856 | 4 | _uhttp://www.revistascientificas.udg.mx/index.php/comsoc/article/view/4422/4208 | |
| 905 | _aArticulo | ||
| 999 |
_c183729 _d183729 |
||